Duolingo Sudden-Death - Statistics

General Stats
  • This quiz has been taken 66 times
  • The average score is 8 of 12
Answers on the Grid
Answers color-coded by a green-red scale on the quiz's grid according to % correct below.
Duo
Duo the 2nd
Zari
Lily
Ana
Salma
Benjiman
Bea
Falstaff
Eddy
Lucy
Lingo
Vikram
Lin
John
Junior
 
Answer Stats
Answer % Correct
Duo
100%
Vikram
75%
Lily
71%
Zari
67%
Eddy
65%
Junior
65%
Lucy
65%
Lin
63%
Bea
59%
Falstaff
55%
Ana
49%
Salma
33%
No matching quizzes found
Score Distribution
Percent of People with Each Score
Percentile by Number Answered
Your Score History
You have not taken this quiz